005540000a2200157000450024501270000065000230012765000270015065000210017765000200019865100600021804100140027870000210029270000200031310000170033377300460035010aMigraciones en el río Amazonas en las últimas decadas, sector confluencia ríos Ucayali y Marañon - Isla de Iquitos14aDinámica fluvial14aEcología del paisaje14aCensores remotos14aTeledetección 4lRío Ucayali, Río MarañonmIsla de IquitospPerú0 aEspañol1 aJokinen, Päivi1 aKalliola, Risto1 aTuukki, Eeva1 tFolia Amazonica3331h1q111-131d1996g8